1003 1596 1566 1656 1666 1262 1056 1181 1791 1867 1288 1003 1239 1172 1025 1241 1391 1893 1341 1372 1776 1054 1901 1969 1826 1699 1427 1620 1496 1224 1647 1550 1302 1996 1991 1651 1001 1598 1941 1593 1402 1881 1995 1495 1294 1010 1184 1980 1003 1130 1342 1761 1486 1246 1927 1193 1131 1157 1574 1616 1372 1809 1187 1042 1764 1184 1954 1450 1304 1867 1536 1559 1132 1794 1369 1575 1035 1297 1172 1413 1512 1041 1543 1906 1188 1076 1831 1393 1352 1670 1596 1462 1629 1854 1098 1737 1865 1076 1270 BCNSPRNW ULIB Ver.6.0+V

เปลี่ยนเป็นภาษาไทย

Change to English
 แสดงรายละเอียดบรรณานุกรม
  กลับหน้าหลัก

Brief Record : Get Marc (ISO 2709) : E-mail record : QR code < ปิดหน้าต่าง
LEADER : 00000nam 2200000uu 4500
001    13399126918
003     ULIB
008    190904s2562||||th 000 0 tha d
020    ^a9789740338352
060    ^aWX167^bจ258ก
100    ^aจันทร์ฉาย มณีวงษ์
245    ^aการพยาบาลด้านการป้องกันและควบคุมการแพร่กระจายเชื้อในโรงพยาบาล
250    ^aพิมพ์ครั้งที่ 1
260    ^aกรุงเทพฯ :^bแห่งจุฬาลงกรณ์มหาวิทยาลัย,^c2562
300    ^a132 หน้า^bภาพประกอบ, ตาราง
650    ^aการติดเชื้อในโรงพยาบาล^xการป้องกัน
650    ^aโรคติดเชื้อในโรงพยาบาล^xการป้องกัน
945    ^p160^l0^i27601
945    ^p160^l0^i27598
945    ^p160^l0^i27599
945    ^p160^l0^i27600
945    ^p160^l0^i27597
999    ^aกัณชพร จุลอักษร
รายการนี้ยังไม่มีแท็ก
คุณยังไม่ได้ล็อกอิน คุณสามารถมีกิจกรรมร่วมกับเว็บไซต์ได้ แต่ต้องล็อกอินก่อน ::
  ล็อกอิน

รายการสื่อสารสนเทศ

ลำดับที่ ประเภท เลขเรียก/บาร์โค้ด สถานที่ สถานะ
1. หนังสือสำรอง
หนังสือสำรอง
WX167 จ258ก ฉ.1 
  Barcode: 27597
ห้องสมุดวิทยาเขตนครสวรรค์
►หนังสือทั่วไป:l:General Books
บนชั้น
2. วิทยาศาสตร์การแพทย์ และสุขภาพ
วิทยาศาสตร์การแพทย์ และสุขภาพ
WX167 จ258ก ฉ.2 
  Barcode: 27598
ห้องสมุดวิทยาเขตนครสวรรค์
►หนังสือทั่วไป:l:General Books
บนชั้น
3. วิทยาศาสตร์การแพทย์ และสุขภาพ
วิทยาศาสตร์การแพทย์ และสุขภาพ
WX167 จ258ก ฉ.3 
  Barcode: 27599
ห้องสมุดวิทยาเขตนครสวรรค์
►หนังสือทั่วไป:l:General Books
บนชั้น
4. วิทยาศาสตร์การแพทย์ และสุขภาพ
วิทยาศาสตร์การแพทย์ และสุขภาพ
WX167 จ258ก ฉ.4 
  Barcode: 27600
ห้องสมุดวิทยาเขตนครสวรรค์
►หนังสือทั่วไป:l:General Books
บนชั้น
5. วิทยาศาสตร์การแพทย์ และสุขภาพ
วิทยาศาสตร์การแพทย์ และสุขภาพ
WX167 จ258ก ฉ.5 
  Barcode: 27601
ห้องสมุดวิทยาเขตนครสวรรค์
►หนังสือทั่วไป:l:General Books
บนชั้น

รายการใกล้เคียง
    ชื่อเรื่อง [การพยาบาลด้านการป้องกันและควบคุมการแพร่กระจายเชื้อในโรงพยาบาล]

    ผู้แต่ง [จันทร์ฉาย มณีวงษ์]

BibComment


ยังไม่เคยถูกคอมเมนท์

คอมเมนท์ทรัพยากรรายการนี้
  คอมเมนท์: การพยาบาลด้านการ..


 Copyright 2026. Bcnsprnw @Library